|
|
|
|
| LEADER |
00911nam a22002652a 4500 |
| 001 |
001725167 |
| 003 |
CZ BrMZK |
| 005 |
20201102124027.0 |
| 007 |
ta |
| 008 |
200114s1969 xr a er|||||||||||cze d |
| 015 |
|
|
|a cnb000496184
|
| 035 |
|
|
|a (OCoLC)42095646
|
| 040 |
|
|
|a ABA001
|b cze
|c ULG001
|d ABA001
|d BOA001
|
| 080 |
9 |
|
|a 75(44)(069)
|
| 245 |
0 |
0 |
|a Francouzské malířství od impresionismu po současnost :
|b výstava reprodukcí, Pardubice /
|c katalog připr. J. Boučková ; fot.: Z. Bouček
|
| 246 |
3 |
0 |
|a Výstava reprodukcí
|
| 250 |
|
|
|a 2. vyd.
|
| 260 |
|
|
|a Pardubice :
|b Východočeské galerie,
|c 1969
|
| 300 |
|
|
|a [10] s. :
|b il. ;
|c 4°
|
| 700 |
1 |
|
|a Boučková, Jitka,
|d 1921-
|7 jk01012793
|4 com
|
| 700 |
1 |
|
|a Bouček, Zdeněk
|4 pht
|
| 910 |
|
|
|a BOA001
|b X2-0636.728
|
| 990 |
|
|
|a BK
|
| 991 |
|
|
|b 202001
|
| 996 |
6 |
|
|b 2618841634
|c X2-0636.728
|l MZK
|r Sklad / do 24 hodin
|n 0
|w 001776558
|u 000010
|a 1
|e BOA001
|j MZK50
|s P
|